000 00523nam a2200145 4500
999 _c15979
_d15979
008 210203b ||||| |||| 00| 0 eng d
022 _a0732-8435
082 _aDPer 657.05 C33 Feb - Aug 2012, v. 82
100 _aCatanach, Anthony H.
_942862
245 _aENRON ten years:
_blessons to remember/
_cAnthony H. Catanach and J.Edward Ketz.
260 _aNew York:
_bThe New York State Society of CPA,
_c©2012.
300 _av82 n5, pages 16-23:
_bcolor illustration;
_c28 cm.
650 _aFinance.
_942863
942 _2ddc
_cPER